[Event "WEM-KT 2018"]
[Site "Illertissen"]
[Date "2018.08.25"]
[Round "1"]
[White "Schulz, Volker"]
[Black "Wolf, Rainer"]
[Result "1/2-1/2"]
[WhiteElo "1581"]
[BlackElo "2044"]
[Annotator "NA RC"]
[PlyCount "150"]
[EventDate "2018.08.25"]
[EventType "tourn"]
[EventCountry "GER"]
[SourceTitle "playchess.com"]
[Source "ChessBase"]
[SourceQuality "1"]
[TimeControl "40/6000+30:3000+30"]

1. e4 {[%emt 0:09:33]} g6 {[%emt 0:09:47]} 2. d4 {[%emt 0:00:10]} Bg7 {[%emt 0:00:22]} 3. Nc3 {[%emt 0:00:25]} d6 {[%emt 0:00:31]} 4. f4 {[%emt 0:00:33]} a6 {[%emt 0:00:31]} 5. Nf3 {[%emt 0:01:20]} b5 {[%emt 0:00:58]} 6. a3 {[%emt 0:00:30]} Nd7 {[%emt 0:01:27]} 7. Bd3 {[%emt 0:09:52]} c5 {[%emt 0:02:06]} 8. Be3 {[%emt 0:02:50]} Bb7 {[%emt 0:00:50] LiveBook: 7 Games} 9. O-O $11 {[%emt 0:10:13]} Ngf6 {[%emt 0:16:15]} 10. dxc5 {[%emt 0:04:44]} Nxc5 {[%emt 0:21:16]} 11. Bxc5 {[%emt 0:01:03]} dxc5 {[%emt 0:00:12]} 12. e5 {[%emt 0:06:18]} Nd5 {[%emt 0:08:58]} 13. Nxd5 {[%emt 0:02:10]} Bxd5 {[%emt 0:01:06]} 14. Qe2 {[%emt 0:01:25]} O-O {[%emt 0:13:47]} 15. f5 {[%emt 0:13:55]} Bxf3 {[%emt 0:02:45]} 16. Rxf3 {[%emt 0:00:12]} Qd4+ {[%emt 0:00:37]} 17. Kh1 {[%emt 0:02:40]} Bxe5 {[%emt 0:00:47]} 18. c3 {[%emt 0:06:37]} Qd6 {[%emt 0:00:34]} 19. Re1 {[%emt 0:06:51]} Bf6 {[%emt 0:08:03]} 20. Rh3 {[%emt 0:02:33]} Rad8 {[%emt 0:01:52]} 21. Qg4 {[%emt 0:00:38]} Kg7 {[%emt 0:03:17]} 22. Rxh7+ {[%emt 0:06:17]} Kxh7 {[%emt 0:01:47]} 23. fxg6+ {[%emt 0:00:21]} Kh6 {[%emt 0:00:31]} 24. Qh3+ {[%emt 0:03:56]} Kg5 {[%emt 0:00:14]} 25. Qe3+ {[%emt 0:00:18]} Qf4 {[%emt 0:01:27]} 26. h4+ {[%emt 0:00:15]} Kg4 {[%emt 0:00:33]} 27. Be2+ {[%emt 0:00:11]} Kf5 {[%emt 0:01:15]} 28. g4+ {[%emt 0:00:34]} Qxg4 {[%emt 0:00:27]} 29. Bxg4+ {[%emt 0:00:11]} Kxg4 {[%emt 0:00:07]} 30. Rg1+ {[%emt 0:10:01]} Kf5 {[%emt 0:02:11]} 31. Qxc5+ {[%emt 0:00:20]} e5 {[%emt 0:00:13]} 32. gxf7 {[%emt 0:01:40]} Rxf7 {[%emt 0:00:38]} 33. Qc6 {[%emt 0:02:38]} Rh8 {[%emt 0:01:00]} 34. Rf1+ {[%emt 0:01:05]} Kg6 {[%emt 0:01:02]} 35. Rg1+ {[%emt 0:01:09]} Kh6 {[%emt 0:01:04]} 36. Qe4 {[%emt 0:00:17]} Rg7 {[%emt 0:00:41]} 37. Rxg7 {[%emt 0:00:20]} Kxg7 {[%emt 0:00:11]} 38. Qg4+ {[%emt 0:00:30]} Kf8 {[%emt 0:01:54]} 39. h5 {[%emt 0:00:12]} Ke7 {[%emt 0:00:47]} 40. Kg2 {[%emt 0:00:47]} Rd8 {[%emt 0:00:33]} 41. Kf3 {[%emt 0:52:12]} Rd2 {[%emt 0:50:14]} 42. Qb4+ {[%emt 0:00:11]} Ke6 {[%emt 0:01:14]} 43. Qg4+ {[%emt 0:00:00]} Ke7 {[%emt 0:00:00]} 44. Qb4+ {[%emt 0:00:00]} Ke6 {[%emt 0:00:00]} 45. Kg4 {[%emt 0:00:00]} Rh2 {[%emt 0:00:00]} 46. Qb3+ {[%emt 0:00:00]} Ke7 {[%emt 0:00:00]} 47. Qb4+ {[%emt 0:00:00]} Ke6 {[%emt 0:00:00]} 48. Qc5 {[%emt 0:00:00]} Rg2+ {[%emt 0:00:00]} 49. Kf3 {[%emt 0:00:00]} Rxb2 {[%emt 0:00:00]} 50. Qc8+ {[%emt 0:00:00]} Ke7 {[%emt 0:00:00]} 51. Qxa6 {[%emt 0:00:00]} Rb3 {[%emt 0:00:00]} 52. Qa5 {[%emt 0:00:00]} Rxc3+ {[%emt 0:00:00]} 53. Ke4 {[%emt 0:00:00]} Rc4+ {[%emt 0:00:00]} 54. Kd5 {[%emt 0:00:00]} Rd4+ {[%emt 0:00:00]} 55. Kc5 {[%emt 0:00:00]} Ra4 {[%emt 0:00:00]} 56. Qxb5 {[%emt 0:00:00]} Rxa3 {[%emt 0:00:00]} 57. Kd5 {[%emt 0:00:00]} Kf7 {[%emt 0:00:00]} 58. Qd7+ {[%emt 0:00:00]} Be7 {[%emt 0:01:58]} 59. Qe6+ {[%emt 0:00:00]} Kf8 {[%emt 0:03:12]} 60. Qh6+ {[%emt 0:00:00]} Kf7 {[%emt 0:00:34]} 61. Qg6+ {[%emt 0:00:00]} Kf8 {[%emt 0:00:16]} 62. Kxe5 {[%emt 0:00:02]} Ra5+ {[%emt 0:01:08]} 63. Kd4 {[%emt 0:00:35]} Rg5 {[%emt 0:01:06]} 64. Qh7 {[%emt 0:01:36]} Rg7 {[%emt 0:01:51]} 65. Qh6 {[%emt 0:01:29]} Kf7 {[%emt 0:00:43]} 66. Ke5 {[%emt 0:01:20]} Rg5+ {[%emt 0:00:36]} 67. Kf4 {[%emt 0:00:07]} Bf6 {[%emt 0:01:39]} 68. Qh7+ {[%emt 0:00:15]} Rg7 {[%emt 0:00:24]} 69. Qd3 {[%emt 0:00:25]} Bg5+ {[%emt 0:01:26]} 70. Kf5 {[%emt 0:00:16]} Kg8 {[%emt 0:01:57]} 71. Qd5+ {[%emt 0:00:46]} Kh7 {[%emt 0:00:24]} 72. Qe6 {[%emt 0:00:30]} Bh6 {[%emt 0:00:20]} 73. Kf6 {[%emt 0:01:16]} Bg5+ {[%emt 0:00:26]} 74. Kf5 {[%emt 0:00:18]} Bh6 {[%emt 0:00:22]} 75. Qe4 {[%emt 0:00:45]} Bg5 {[%emt 0:00:50]} 1/2-1/2

[Event "WEM-KT 2018"]
[Site "Illertissen"]
[Date "2018.08.26"]
[Round "2"]
[White "Namyslo, Holger"]
[Black "Bildt, Maximilian"]
[Result "0-1"]
[WhiteElo "2275"]
[BlackElo "2073"]
[Annotator "NA"]
[PlyCount "90"]
[EventDate "2018.08.25"]
[EventType "tourn"]
[EventCountry "GER"]
[SourceTitle "playchess.com"]
[Source "ChessBase"]
[SourceQuality "1"]
[TimeControl "40/6000+30:3000+30"]

1. e4 {[%emt 0:09:35]} c5 {[%emt 0:09:34]} 2. Nf3 {[%emt 0:00:04]} d6 {[%emt 0:00:05]} 3. d4 {[%emt 0:00:07]} cxd4 {[%emt 0:00:05]} 4. Nxd4 {[%emt 0:00:04]} Nf6 {[%emt 0:00:05]} 5. Nc3 {[%emt 0:00:06]} a6 {[%emt 0:00:06]} 6. f3 {[%emt 0:01:05]} e5 {[%emt 0:00:22]} 7. Nb3 {[%emt 0:00:07]} Be7 {[%emt 0:00:28]} 8. Be3 {[%emt 0:00:38]} Be6 {[%emt 0:00:49]} 9. Qd2 {[%emt 0:16:24]} O-O {[%emt 0:00:31]} 10. O-O-O {[%emt 0:03:07]} Nbd7 {[%emt 0:03:52]} 11. g4 {[%emt 0:03:03]} b5 {[%emt 0:02:58] LiveBook: 1661 Games} 12. g5 {[%emt 0:02:27]} Nh5 {[%emt 0:01:36]} 13. Nd5 {[%emt 0:05:05]} Bxd5 {[%emt 0:00:09] B90: Sicilian Najdorf: Unusual White 6th moves, 6 Be3 Ng4 and 6 Be3 e5} 14. exd5 {[%emt 0:00:12]} Qc7 {[%emt 0:26:50]} (14... f6 15. gxf6 Bxf6 16. Kb1 Nf4 17. Rg1 Kh8 18. Bd3 Bg5 19. Na5 Bh6 20. Nc6 Qh4 21. Qb4 {½-½ (49) Caruana,F (2784)-Mamedyarov,S (2809) Berlin 2018}) 15. Na5 {[%emt 0:03:39]} Nb8 {[%emt 0:01:59]} 16. Bd3 $146 {[%emt 0:05:19]} ({Predecessor:} 16. Bh3 f5 17. gxf6 Rxf6 18. Be6+ Kh8 19. Bg4 Nf4 20. Kb1 Bd8 21. Nb3 Nd7 22. Nd4 Nf8 23. Rhe1 Be7 24. Bxf4 Rxf4 25. Ne2 Rf6 26. Ng3 Rf4 27. Nh5 Rd4 {½-½ (27) Marez,S (2417)-Tsenkov,L (2387) LSS email 2010}) 16... Bd8 {[%emt 0:02:16]} 17. Nb3 {[%emt 0:16:37]} Nd7 {[%emt 0:02:39]} 18. f4 {[%emt 0:08:23]} Nxf4 {[%emt 0:04:42]} 19. Bxf4 {[%emt 0:00:22]} exf4 {[%emt 0:00:05]} 20. Qxf4 {[%emt 0:00:21]} Ne5 {[%emt 0:02:30]} 21. h4 {[%emt 0:03:36]} Qb7 {[%emt 0:10:45]} 22. Qe4 {[%emt 0:04:09]} g6 {[%emt 0:03:36]} 23. Nd4 {[%emt 0:01:31]} Bb6 {[%emt 0:02:28]} 24. Ne2 {[%emt 0:03:02]} Rfe8 {[%emt 0:01:48]} 25. Qg2 {[%emt 0:00:40]} Rac8 {[%emt 0:02:35]} 26. Kb1 {[%emt 0:01:00]} Qc7 {[%emt 0:01:33]} 27. Ng3 {[%emt 0:01:44]} Nc4 {[%emt 0:05:14]} 28. Ne4 {[%emt 0:01:54]} Rxe4 {[%emt 0:09:40]} 29. Qxe4 {[%emt 0:00:46]} Nxb2 {[%emt 0:00:07]} 30. Kxb2 {[%emt 0:07:17]} Qc3+ {[%emt 0:01:11]} 31. Kc1 {[%emt 0:03:55]} Ba5 {[%emt 0:02:23]} 32. Kb1 {[%emt 0:00:05]} Qa3 {[%emt 0:04:39]} 33. c3 {[%emt 0:03:25]} Bxc3 {[%emt 0:01:18]} 34. Rh2 {[%emt 0:03:20]} Be5 {[%emt 0:00:31]} 35. Qg4 {[%emt 0:02:04]} Rc4 {[%emt 0:01:55]} 36. Bxc4 {[%emt 0:00:26]} Qb4+ {[%emt 0:00:05]} 37. Kc1 {[%emt 0:00:48]} Bxh2 {[%emt 0:01:13]} 38. Qe2 {[%emt 0:00:56]} Bf4+ {[%emt 0:01:07]} 39. Kc2 {[%emt 0:00:01]} bxc4 {[%emt 0:00:57]} 40. Qe8+ {[%emt 0:01:25]} Kg7 {[%emt 0:00:22]} 41. Re1 {[%emt 0:39:54]} Qd2+ {[%emt 0:21:33]} 42. Kb1 {[%emt 0:00:10]} Qd3+ {[%emt 0:01:01]} 43. Kb2 {[%emt 0:01:15]} c3+ {[%emt 0:01:09]} 44. Ka1 {[%emt 0:02:05]} c2 {[%emt 0:00:50]} 45. Kb2 {[%emt 0:00:25]} Qd1 {[%emt 0:01:28]} 0-1

[Event "WEM-KT 2018"]
[Site "Illertissen"]
[Date "2018.08.26"]
[Round "2"]
[White "Maisch, Julian"]
[Black "Kohde, Janis"]
[Result "1-0"]
[WhiteElo "2216"]
[BlackElo "1803"]
[Annotator "NA"]
[PlyCount "87"]
[EventDate "2018.08.25"]
[EventType "tourn"]
[EventCountry "GER"]
[SourceTitle "playchess.com"]
[Source "ChessBase"]
[SourceQuality "1"]
[TimeControl "40/6000+30:3000+30"]

1. e4 {[%emt 0:09:33]} e5 {[%emt 0:09:51]} 2. Nf3 {[%emt 0:00:05]} Nc6 {[%emt 0:00:22]} 3. Bb5 {[%emt 0:00:05]} Nf6 {[%emt 0:00:19]} 4. d3 {[%emt 0:00:57]} Bc5 {[%emt 0:00:08]} 5. O-O {[%emt 0:00:24]} d6 {[%emt 0:00:09]} 6. Bxc6+ {[%emt 0:01:09]} bxc6 {[%emt 0:00:05]} 7. c3 {[%emt 0:01:09]} Bb6 $146 {[%emt 0:05:24] C65: Spanische Partie (Berliner-Verteidigung)} ({Vorgänger:} 7... O-O 8. Nbd2 Re8 9. Qa4 Bd7 10. Re1 Bb6 11. h3 h6 12. Nf1 Nh5 13. Qd1 Qf6 14. d4 exd4 15. cxd4 {0-1 (43) Valmana Canto,J (2431)-Ladron de Guevara Pinto,P (2348) Roquetas de Mar 2016}) 8. a4 {[%emt 0:00:59]} a5 {[%emt 0:01:03]} 9. Nbd2 {[%emt 0:01:19]} O-O {[%emt 0:01:28]} 10. Nc4 {[%emt 0:01:29]} Be6 {[%emt 0:07:21]} 11. Qe2 {[%emt 0:09:14]} Bxc4 {[%emt 0:08:04]} 12. dxc4 {[%emt 0:00:26]} Nd7 {[%emt 0:02:54]} 13. b4 {[%emt 0:04:49]} f5 {[%emt 0:08:35]} 14. exf5 {[%emt 0:03:20]} Qf6 {[%emt 0:07:07]} 15. c5 {[%emt 0:09:27]} dxc5 {[%emt 0:11:49]} 16. b5 {[%emt 0:02:56]} cxb5 {[%emt 0:03:40]} 17. axb5 {[%emt 0:00:22]} Qxf5 {[%emt 0:02:47]} 18. Ng5 {[%emt 0:11:29]} Kh8 {[%emt 0:09:16]} 19. Ra4 {[%emt 0:03:15]} c4 {[%emt 0:06:35]} 20. Rxc4 {[%emt 0:03:54]} Rf6 {[%emt 0:05:41]} 21. g4 {[%emt 0:15:09]} Qg6 {[%emt 0:02:15]} 22. h4 {[%emt 0:02:18]} Rd8 {[%emt 0:01:58]} 23. h5 {[%emt 0:06:18]} Qe8 {[%emt 0:00:19]} 24. Ne4 {[%emt 0:03:03]} Rf7 $16 {[%emt 0:00:17]} 25. g5 {[%emt 0:02:35]} Qg8 {[%emt 0:03:11]} 26. Kg2 {[%emt 0:10:13]} Rdf8 {[%emt 0:02:56]} 27. Ba3 {[%emt 0:00:26]} Re8 {[%emt 0:00:09]} 28. Rc6 {[%emt 0:02:34]} Nf8 {[%emt 0:01:33]} 29. Rxb6 {[%emt 0:01:13]} cxb6 {[%emt 0:00:29]} 30. Nd6 {[%emt 0:00:09]} Ne6 {[%emt 0:01:27]} 31. g6 {[%emt 0:03:44]} Rf5 {[%emt 0:02:32]} 32. Qg4 {[%emt 0:01:17]} Nf4+ {[%emt 0:02:05]} 33. Kh2 {[%emt 0:00:21]} Rff8 {[%emt 0:02:02]} 34. Nxe8 {[%emt 0:00:28]} Rxe8 {[%emt 0:00:02]} 35. Rd1 {[%emt 0:00:26]} Qa2 {[%emt 0:01:19]} 36. Bc1 {[%emt 0:00:46]} Qxf2+ {[%emt 0:00:03]} 37. Kh1 {[%emt 0:00:01]} Nd3 {[%emt 0:01:41]} 38. h6 {[%emt 0:00:47]} Nxc1 {[%emt 0:01:27]} 39. hxg7+ {[%emt 0:00:19]} Kxg7 {[%emt 0:00:13]} 40. Qd7+ {[%emt 0:00:49]} Kh6 {[%emt 0:00:51]} 41. Qh3+ {[%emt 0:29:03]} Kxg6 {[%emt 0:21:14]} 42. Rd6+ {[%emt 0:08:36]} Kg7 {[%emt 0:03:48]} 43. Rd7+ {[%emt 0:00:29]} Kf6 {[%emt 0:02:06]} 44. Qh6+ {[%emt 0:00:23]} 1-0

[Event "WEM-KT 2018"]
[Site "Illertissen"]
[Date "2018.08.26"]
[Round "2"]
[White "Gabriel, Josef"]
[Black "Schulz, Volker"]
[Result "1-0"]
[WhiteElo "2124"]
[BlackElo "2169"]
[Annotator "NA"]
[PlyCount "63"]
[EventDate "2018.08.25"]
[EventType "tourn"]
[EventCountry "GER"]
[SourceTitle "playchess.com"]
[Source "ChessBase"]
[SourceQuality "1"]
[TimeControl "40/6000+30:3000+30"]

1. e4 {[%emt 0:19:21]} c5 {[%emt 0:09:37]} 2. Nf3 {[%emt 0:00:23]} e6 {[%emt 0:00:08]} 3. d3 {[%emt 0:00:20]} Nc6 {[%emt 0:00:18]} 4. g3 {[%emt 0:00:23]} Nf6 {[%emt 0:00:24]} 5. Bg2 {[%emt 0:00:10] B40: Sicilian: 2...e6, Unusual lines} g6 {[%emt 0:01:03]} (5... d5 6. Nbd2 Be7 7. O-O O-O 8. Re1 b5 9. e5 Nd7 10. Nf1 Bb7 11. h4 Qc7 12. Bf4 Rfc8 13. Ne3 Qd8 14. Ng4 Bf8 15. Bg5 Qe8 16. c3 h6 17. Bf4 a5 18. Qd2 b4 19. c4 Ne7 20. h5 {1-0 (59) Kuzubov,Y (2699)-Grischuk,A (2772) Riadh 2017}) 6. O-O {[%emt 0:04:42]} Bg7 {[%emt 0:00:06]} 7. Re1 {[%emt 0:00:51]} O-O {[%emt 0:01:21]} 8. c3 {[%emt 0:02:19]} d5 {[%emt 0:00:24]} 9. e5 {[%emt 0:00:31]} Nd7 {[%emt 0:01:46]} 10. d4 {[%emt 0:00:17]} f6 $146 {[%emt 0:02:11]} ({Predecessor:} 10... h6 11. Na3 Qb6 12. Nc2 cxd4 13. cxd4 f6 14. exf6 Nxf6 15. Qd3 Ne4 16. Be3 Bd7 {½-½ (16) Oratovsky,M (2445)-Givon,A (2470) Israel 2018}) 11. Bh3 {[%emt 0:01:25]} f5 {[%emt 0:04:52]} 12. Bg5 {[%emt 0:00:58]} Qb6 {[%emt 0:01:15]} 13. Qd2 {[%emt 0:02:24]} c4 {[%emt 0:03:38]} 14. Na3 {[%emt 0:01:47]} Re8 {[%emt 0:01:31]} 15. Nc2 {[%emt 0:03:29]} a5 {[%emt 0:04:11]} 16. b3 {[%emt 0:01:20]} cxb3 {[%emt 0:01:39]} 17. axb3 {[%emt 0:00:08]} Qxb3 {[%emt 0:02:49]} 18. Reb1 {[%emt 0:00:42]} Qc4 {[%emt 0:01:57]} 19. Bf1 {[%emt 0:00:11]} Ncxe5 {[%emt 0:01:09]} 20. Nxe5 {[%emt 0:02:21]} Nxe5 {[%emt 0:02:23]} 21. dxe5 {[%emt 0:02:46]} Qc7 {[%emt 0:01:42]} 22. Bf4 $18 {[%emt 0:07:21]} Bxe5 {[%emt 0:02:56]} 23. Bxe5 {[%emt 0:00:13]} Qxe5 {[%emt 0:00:03]} 24. f4 {[%emt 0:00:23]} Qc7 {[%emt 0:06:47]} 25. Nd4 {[%emt 0:02:31]} Bd7 {[%emt 0:21:12]} 26. Nf3 {[%emt 0:00:40]} Reb8 {[%emt 0:05:26]} 27. Ne5 {[%emt 0:07:50]} Bc6 {[%emt 0:07:08]} 28. Qd4 {[%emt 0:01:00]} b6 {[%emt 0:08:02]} 29. g4 {[%emt 0:02:44]} Ra7 {[%emt 0:01:51]} 30. gxf5 {[%emt 0:00:53]} gxf5 {[%emt 0:06:30]} 31. Rb2 {[%emt 0:00:27]} Kf8 {[%emt 0:04:25]} 32. Nxc6 {[%emt 0:04:34]} 1-0

[Event "WEM-KT 2018"]
[Site "Illertissen"]
[Date "2018.08.26"]
[Round "2"]
[White "Gustain, Marc"]
[Black "Anistratov, Dmitriy"]
[Result "1-0"]
[WhiteElo "2102"]
[BlackElo "2279"]
[Annotator "NA"]
[PlyCount "105"]
[EventDate "2018.08.25"]
[EventType "tourn"]
[EventCountry "GER"]
[SourceTitle "playchess.com"]
[Source "ChessBase"]
[SourceQuality "1"]
[TimeControl "40/6000+30:3000+30"]

1. e4 {[%emt 0:09:31]} c6 {[%emt 0:20:15]} 2. d4 {[%emt 0:01:01]} d6 {[%emt 0:00:17]} 3. Nc3 {[%emt 0:01:35]} Nf6 {[%emt 0:03:47]} 4. f4 {[%emt 0:02:22]} Qa5 {[%emt 0:03:03]} 5. Bd3 {[%emt 0:00:32]} Bg4 {[%emt 0:01:34]} 6. Qd2 {[%emt 0:05:33] B07: Pirc Defence: Miscellaneous Systems} g6 {[%emt 0:12:32]} (6... Bc8 7. Nf3 Nbd7 8. O-O e5 9. Kh1 Be7 10. Qe1 Nh5 11. fxe5 dxe5 12. Bd2 Qc7 13. d5 Nb6 {1-0 (52) Piorun,K (2501)-Schmidt,R (2387) Bucharest 2010}) 7. h3 {[%emt 0:10:42]} Bd7 {[%emt 0:03:56]} 8. Nf3 {[%emt 0:01:36]} Bg7 {[%emt 0:12:40]} 9. Qf2 $146 {[%emt 0:07:29]} ({Predecessor:} 9. O-O h5 10. Qf2 Ng4 11. hxg4 hxg4 12. Ng5 f6 13. e5 fxg5 14. fxg5 {1-0 (42) Berthelot,Y (2296)-Kozlowski,T (2012) Etang Sale 2001}) 9... Na6 {[%emt 0:08:01]} 10. a3 {[%emt 0:06:06]} c5 {[%emt 0:08:48]} 11. O-O {[%emt 0:09:37]} cxd4 {[%emt 0:01:05]} 12. Nxd4 {[%emt 0:01:26]} O-O {[%emt 0:00:51]} 13. Nb3 {[%emt 0:03:19]} Qc7 {[%emt 0:09:00]} 14. Be3 {[%emt 0:02:10]} Qb8 {[%emt 0:01:12]} 15. Rae1 {[%emt 0:05:51]} Nc7 {[%emt 0:00:42]} 16. Qf3 {[%emt 0:08:51]} Qc8 {[%emt 0:09:22]} 17. Nd4 {[%emt 0:01:14]} Ne6 {[%emt 0:02:20]} 18. Nxe6 {[%emt 0:01:58]} Bxe6 {[%emt 0:00:20]} 19. Bd4 {[%emt 0:02:05]} Bc4 {[%emt 0:02:53]} 20. Qe2 {[%emt 0:02:21]} Bxd3 {[%emt 0:00:47]} 21. cxd3 {[%emt 0:00:25]} e5 {[%emt 0:02:05]} 22. fxe5 {[%emt 0:01:46]} Nd7 {[%emt 0:01:34]} 23. Nd5 {[%emt 0:00:54]} Qd8 {[%emt 0:00:29]} 24. Nf6+ {[%emt 0:04:54]} Kh8 {[%emt 0:00:02]} 25. Nxd7 {[%emt 0:00:32]} Qxd7 {[%emt 0:00:10]} 26. Qe3 {[%emt 0:02:42]} Bxe5 {[%emt 0:02:29]} 27. Rc1 {[%emt 0:02:02]} b6 {[%emt 0:00:55]} 28. Bc3 {[%emt 0:00:39]} Rae8 {[%emt 0:00:23]} 29. Rc2 {[%emt 0:01:51]} Kg8 {[%emt 0:00:17]} 30. Rfc1 {[%emt 0:00:43]} Bxc3 {[%emt 0:01:23]} 31. Rxc3 {[%emt 0:00:19]} Qb5 {[%emt 0:00:38]} 32. Qd4 {[%emt 0:03:43]} Qxb2 {[%emt 0:00:42]} 33. Qxd6 {[%emt 0:00:04]} Rd8 {[%emt 0:00:24]} 34. Qf4 {[%emt 0:00:47]} Qb5 {[%emt 0:00:33]} 35. Qe3 {[%emt 0:00:49]} Rd7 {[%emt 0:00:25]} 36. d4 {[%emt 0:00:46]} Kg7 {[%emt 0:00:19]} 37. d5 {[%emt 0:04:35]} Qa4 {[%emt 0:00:49]} 38. Rc4 {[%emt 0:01:09]} Qa5 {[%emt 0:00:18]} 39. Qd4+ {[%emt 0:01:31]} Kg8 {[%emt 0:00:40]} 40. a4 {[%emt 0:01:28]} Qa6 {[%emt 0:01:18]} 41. e5 {[%emt 0:28:15]} b5 {[%emt 0:27:36]} 42. axb5 {[%emt 0:02:19]} Qxb5 {[%emt 0:00:11]} 43. d6 {[%emt 0:00:52]} a5 {[%emt 0:07:45]} 44. Rc7 {[%emt 0:02:52]} (44. Rc8 $142 Rdd8 45. R8c7) 44... a4 {[%emt 0:15:25]} 45. Rxd7 {[%emt 0:02:54]} Qxd7 {[%emt 0:00:01]} 46. Rc7 {[%emt 0:01:26]} Qf5 {[%emt 0:00:47]} 47. d7 $18 {[%emt 0:03:40]} Rd8 {[%emt 0:00:58]} 48. Qd6 {[%emt 0:02:03]} Kg7 {[%emt 0:01:21]} 49. Qe7 {[%emt 0:00:45]} Qb1+ {[%emt 0:00:36]} 50. Kh2 {[%emt 0:00:09]} Qb8 {[%emt 0:00:21]} 51. Qf6+ {[%emt 0:00:55]} Kf8 {[%emt 0:00:33]} 52. Rc8 {[%emt 0:02:10]} Rxc8 {[%emt 0:00:26]} 53. dxc8=Q+ {[%emt 0:00:26]} 1-0

[Event "WEM-KT 2018"]
[Site "Illertissen"]
[Date "2018.08.26"]
[Round "2"]
[White "Jakob, Georg"]
[Black "Laengl, Juergen"]
[Result "1/2-1/2"]
[WhiteElo "2084"]
[BlackElo "2223"]
[Annotator "NA"]
[PlyCount "30"]
[EventDate "2018.08.25"]
[EventType "tourn"]
[EventCountry "GER"]
[SourceTitle "playchess.com"]
[Source "ChessBase"]
[SourceQuality "1"]
[TimeControl "40/6000+30:3000+30"]

1. e4 {[%emt 0:09:32]} e6 {[%emt 0:09:37]} 2. d4 {[%emt 0:00:05]} d5 {[%emt 0:00:10]} 3. Nc3 {[%emt 0:00:05]} Bb4 {[%emt 0:00:13]} 4. e5 {[%emt 0:00:05]} Ne7 {[%emt 0:00:36]} 5. a3 {[%emt 0:01:03]} Bxc3+ {[%emt 0:00:07]} 6. bxc3 {[%emt 0:00:06]} c5 {[%emt 0:00:10]} 7. Nf3 {[%emt 0:00:05]} Bd7 {[%emt 0:01:51]} 8. Rb1 {[%emt 0:00:20]} Qc7 {[%emt 0:05:06]} 9. Bf4 {[%emt 0:00:34] LiveBook: 7 Games} Ng6 {[%emt 0:01:06]} 10. Bg3 {[%emt 0:12:50]} b6 {[%emt 0:02:25]} 11. h4 {[%emt 0:11:50]} cxd4 {[%emt 0:05:23]} 12. cxd4 {[%emt 0:00:52]} h5 {[%emt 0:08:27]} 13. Bd3 $11 {[%emt 0:06:46]} Qc3+ {[%emt 0:04:19]} 14. Kf1 {[%emt 0:03:37]} Ne7 {[%emt 0:10:18]} 15. Rb3 {[%emt 0:07:31]} Qc8 {[%emt 0:07:14]} 1/2-1/2

[Event "WEM-KT 2018"]
[Site "Illertissen"]
[Date "2018.08.26"]
[Round "2"]
[White "Wolf, Rainer"]
[Black "Engelhart, Achim"]
[Result "1/2-1/2"]
[WhiteElo "2044"]
[BlackElo "2126"]
[Annotator "NA"]
[PlyCount "92"]
[EventDate "2018.08.25"]
[EventType "tourn"]
[EventCountry "GER"]
[SourceTitle "playchess.com"]
[Source "ChessBase"]
[SourceQuality "1"]
[TimeControl "40/6000+30:3000+30"]

1. Nf3 {[%emt 0:09:36]} c5 {[%emt 0:09:34]} 2. e4 {[%emt 0:01:46]} Nc6 {[%emt 0:00:09]} 3. g3 {[%emt 0:00:58]} g6 {[%emt 0:01:36]} 4. Bg2 {[%emt 0:01:27]} Bg7 {[%emt 0:00:12]} 5. O-O {[%emt 0:00:50]} e5 {[%emt 0:01:45] A04: Unusual lines after 1 Nf3 and King's Indian Attack} (5... d6 6. d3 e5 7. Nc3 Nge7 8. Nd2 O-O 9. Nc4 Be6 10. Nd5 Kh8 11. c3 Qd7 12. a4 f5 13. a5 Bg8 14. Nxe7 Nxe7 15. Qa4 Rad8 16. Bg5 Bf6 17. Bxf6+ Rxf6 18. exf5 gxf5 {1-0 (56) Grischuk,A (2767)-Gelfand,B (2695) Moscow 2018}) 6. b3 {[%emt 0:06:32]} Nge7 {[%emt 0:03:05]} 7. Bb2 {[%emt 0:02:13]} O-O {[%emt 0:00:22]} 8. c3 $146 {[%emt 0:08:56]} ({Predecessor:} 8. d3 f5 9. Nbd2 d6 10. a4 h6 11. Nc4 Be6 12. Qe2 f4 13. Nfd2 Qd7 14. f3 g5 15. g4 Ng6 16. Na3 Rab8 17. Ndc4 Rfc8 {0-1 (103) Enchev,I (2120)-Bojchev,M (2214) Kazanlak 2005}) 8... d5 {[%emt 0:11:06]} 9. exd5 {[%emt 0:24:41]} Nxd5 {[%emt 0:05:02]} 10. d4 {[%emt 0:02:35]} cxd4 {[%emt 0:26:20]} 11. cxd4 {[%emt 0:03:09]} e4 {[%emt 0:00:19]} 12. Ne5 {[%emt 0:04:21]} f5 {[%emt 0:00:14]} 13. Qd2 {[%emt 0:06:34]} Be6 {[%emt 0:13:15]} 14. Nxc6 {[%emt 0:03:16]} bxc6 {[%emt 0:00:01]} 15. Rc1 {[%emt 0:06:02]} Qb6 {[%emt 0:01:05]} 16. Na3 {[%emt 0:06:44]} Nb4 {[%emt 0:05:09]} 17. Bf1 {[%emt 0:06:16]} a5 {[%emt 0:04:19]} 18. Nc4 {[%emt 0:00:19]} Qb7 {[%emt 0:00:47]} 19. Bc3 {[%emt 0:03:31]} Rfd8 {[%emt 0:03:56]} 20. Nxa5 {[%emt 0:00:47]} Rxa5 {[%emt 0:01:01]} 21. a3 {[%emt 0:00:52]} Raa8 {[%emt 0:04:38]} 22. axb4 $11 {[%emt 0:01:51]} Bxb3 {[%emt 0:00:59]} 23. Ra5 {[%emt 0:03:32]} Bd5 {[%emt 0:03:46]} 24. b5 {[%emt 0:00:33]} cxb5 {[%emt 0:02:14]} 25. Rxb5 {[%emt 0:00:09]} Qf7 {[%emt 0:01:48]} 26. Ba5 {[%emt 0:00:41]} Rd7 {[%emt 0:02:00]} 27. Rxd5 {[%emt 0:00:33]} Rxd5 {[%emt 0:00:13]} 28. Bc4 {[%emt 0:00:07]} Raxa5 {[%emt 0:00:39]} 29. Rb1 {[%emt 0:01:58]} Bf8 {[%emt 0:02:12]} 30. Rb8 {[%emt 0:00:59]} Kg7 {[%emt 0:00:33]} 31. Qb2 {[%emt 0:00:34]} Be7 {[%emt 0:03:24]} 32. Qb3 {[%emt 0:00:10]} Qe6 {[%emt 0:00:49]} 33. Rb6 {[%emt 0:01:25]} Qd7 {[%emt 0:00:44]} 34. Rb7 {[%emt 0:00:10]} Qe6 {[%emt 0:01:12]} 35. Bxd5 {[%emt 0:01:04]} Rxd5 {[%emt 0:01:11]} 36. Rxe7+ {[%emt 0:00:07]} Qxe7 {[%emt 0:00:01]} 37. Qxd5 {[%emt 0:00:08]} e3 {[%emt 0:01:51]} 38. fxe3 {[%emt 0:00:48]} Qxe3+ {[%emt 0:00:02]} 39. Kf1 {[%emt 0:00:14]} Qd3+ {[%emt 0:00:21]} 40. Ke1 {[%emt 0:01:18]} Qe3+ {[%emt 0:00:48]} 41. Kf1 {[%emt 0:50:09]} Qd3+ {[%emt 0:50:47]} 42. Ke1 {[%emt 0:00:08]} Qb1+ {[%emt 0:00:37]} 43. Kd2 {[%emt 0:00:00]} Qb2+ {[%emt 0:00:00]} 44. Kd3 {[%emt 0:00:00]} Qxh2 {[%emt 0:00:00]} 45. Qe5+ {[%emt 0:00:00]} Kf7 {[%emt 0:00:00]} 46. d5 {[%emt 0:00:00]} Qh1 {[%emt 0:00:00] Ke4 [%emt 00:21:47]} 1/2-1/2